|
|
|
|
| LEADER |
01937nam a22003494a 4500 |
| 001 |
35641 |
| 003 |
BD-DhAAL |
| 005 |
20211206115512.0 |
| 008 |
200210t2005 maua b 001 0 eng d |
| 999 |
|
|
|c 42208
|d 42208
|
| 010 |
|
|
|a 2003024690
|
| 020 |
|
|
|a 1405134690
|
| 020 |
|
|
|a 9781405134699
|
| 020 |
|
|
|a 0631230483 (hardback : alk. paper)
|
| 020 |
|
|
|a 0631230491 (pbk. : alk. paper)
|
| 040 |
|
|
|a DLC
|c DLC
|d DLC
|d BD-DhAAL
|
| 042 |
|
|
|a pcc
|
| 050 |
0 |
0 |
|a H62
|b .R728 2005
|
| 082 |
0 |
0 |
|a 300.72
|2 22
|
| 100 |
1 |
|
|a Ruane, Janet M.,
|d 1954-
|9 39220
|
| 245 |
1 |
0 |
|a Essentials of research methods :
|b a guide to social science research /
|c Janet M. Ruane.
|
| 260 |
|
|
|a Malden, MA :
|b Blackwell Pub.,
|c c2005.
|
| 300 |
|
|
|a xi, 239 pages :
|b illustrations ;
|c 24 cm.
|
| 504 |
|
|
|a Includes bibliographical references (pages [211]-230) and index.
|
| 505 |
0 |
|
|a When should we trust what we know? : why research methods? -- Ethics : it's the right thing to do -- Some perfectly valid points : measurement, internal and external validity -- Measure by measure : making the abstract concrete -- If it glitters is it gold? : assessing measures -- One thing leads to another : causal analysis -- Designing ideas : research strategies -- An informative few : sampling -- Our inquisitive nature : the questionnaire -- Talking heads : the interview -- Watch and learn : field research -- Getting organized : descriptive statistics -- Beyond description : inferential statistics.
|
| 526 |
|
|
|a BIED
|
| 541 |
|
|
|a Complimentary copy from BIED
|e 35641
|
| 650 |
|
0 |
|a Social sciences
|x Research.
|9 39221
|
| 650 |
|
0 |
|a Social sciences
|x Statistical methods.
|9 39222
|
| 852 |
|
|
|a Ayesha Abed Library
|c BIED Collection
|
| 942 |
|
|
|2 ddc
|c BK
|
| 952 |
|
|
|0 0
|1 0
|2 ddc
|4 0
|6 300_720000000000000_RUA
|7 0
|9 67910
|a BRACUL
|b BRACUL
|c GEN
|d 2020-02-10
|e Complimentary copy from BIED
|l 0
|o 300.72 RUA
|p 3010035641
|r 2020-02-10
|t 1
|w 2020-02-10
|y BK
|x Transferred from BIED to General Stacks
|